Le sacrifice interdit : Freud et la Bible
Αποθηκεύτηκε σε:
| Κύριος συγγραφέας: | |
|---|---|
| Μορφή: | Βιβλίο |
| Γλώσσα: | French |
| Δημοσίευση: |
Paris :
Grasset,
1986
|
| Σειρά: | Le livre de poche ;
; 4220 |
| Θέματα: | |
| Ετικέτες: |
Προσθήκη ετικέτας
Δεν υπάρχουν, Καταχωρήστε ετικέτα πρώτοι!
|
MARC
| LEADER | 00000nam a2200000 i 4500 | ||
|---|---|---|---|
| 001 | 1/8679 | ||
| 008 | 961118s1986 fre d | ||
| 035 | |l 10017192 | ||
| 040 | |a GR-MY-UA |b gre |e aacr | ||
| 041 | 0 | |a fre | |
| 082 | 0 | |a 150.1952 | |
| 100 | 1 | |a Balmary, Marie. | |
| 245 | 1 | 3 | |a Le sacrifice interdit : |b Freud et la Bible / |c Marie Balmary |
| 260 | |a Paris : |b Grasset, |c 1986 | ||
| 300 | |a 345 p. | ||
| 490 | 1 | |a Le livre de poche |v ; 4220 | |
| 504 | |a Includes bibliographical references | ||
| 600 | 0 | 0 | |a Freud, Sigmund, |d 1856-1939 |x Religion. |
| 630 | 0 | 0 | |a Bible |x Psychology. |
| 650 | 0 | 0 | |a Psychoanalysis and religion. |
| 830 | 0 | |a Le livre de poche ; |v ; 4220 | |
| 852 | |a INST |b LESVOS |e 19961118 |h 150.1952 BAL |p 005100012479 |q 005100012479 |t BK |y 0 | ||
| 909 | |a Λ |b 048962 | ||
| 922 | |a 1ΔΩΡ |b 199611 |c ΤΚΑ | ||